Every Formula One track ever - Statistics

General Stats
  • This quiz has been taken 19 times
  • The average score is 44 of 77
Answer Stats
Hint Answer % Correct
Australia Albert Park Circuit
100%
Italy Autodromo Enzo e Dino Ferarri
100%
Mexico Autodromo Hermanos Rodriguez
100%
Brazil Autodromo Jose Carlos Pace
100%
Belgium Circuit de Spa-Francorchamps
100%
Germany Hockenheimring
100%
Hungary Hungaroring
100%
Germany Nurburgring
100%
UK Silverstone Circuit
100%
Japan Suzuka international racing
100%
Italy Autodromo Nazionale de Monza
94%
Azerbaijan Baku City Circuit
94%
Spain Circuit de Barcelona-Catalunya
94%
Monaco Circuit de Monaco
94%
USA Circuit of the Americas
94%
Austria Red Bull Ring
94%
Bahrain Bahrain International Circuit
88%
Canada Circuit Gilles Villenueve
88%
France Circuit Paul Ricard
88%
Netherlands Circuit Zandvoort
88%
Russia Sochi Autodrom
88%
UAE Yas Marina Circuit
88%
USA Indianapolis Motor Speedway
82%
USA Las Vegas Strip Circuit
82%
Singapore Marina Bay street circuit
82%
China Shanghai International Circuit
82%
UK Brands Hatch Circuit
76%
Saudi Arabia Jeddah Corniche Circuit
76%
Qatar Losail International Circuit
76%
USA Miami International Circuit
76%
Australia Adelaide Street Circuit
71%
Portugal Algarve International Circuit
71%
Argentina Autodromo Juan y Oscar Galvez
71%
Malaysia Sepang International Circuit
71%
South Africa Kyalami Grand Prix Circuit
65%
Portugal Autodromo do Estoril
59%
India Buddh International Circuit
59%
Japan Fuji Speedway
59%
Italy Autodromo Nazionale del Mugello
53%
France Circuit de Nevers Magni-Cours
53%
Belgium Circuit Zolder
53%
USA Dallas Fair Park
53%
USA Detroit Street Circuit
53%
Spain Valencia Street Circuit
53%
Germany AVUS
47%
France Bugatti Au Mans
47%
UK Donnington Park
47%
USA Phoenix Street Circuit
47%
USA Watkins Glen International
47%
USA Sebring Raceway
41%
Brazil Autodromo Internacional do Rio de Janeiro
35%
USA Caesars Palace Grand Prix Circuit
35%
France Circuit de Reims-Geuex
35%
Spain Circuito Permanente de Jerez
35%
Sweden Scandinavian Raceway
35%
Austria Zeltweg Airfield
35%
Morocco Ain-Diab Circuit
29%
UK Aintree Motor Racing Circuit
29%
Switzerland Circuit Bremgarten
29%
USA Long Beach Street Circuit
29%
France Circuit Dijon-Prenois
24%
Portugal Circuito da Boavista
24%
Portugal Circuito de monsanto
24%
Spain Circuito Permanente del Jarama
24%
Belgium Complexe Europeen de Nivelles-Baulers
24%
Italy Pescara Circuit
24%
USA Riverside International Raceway
24%
Spain Circuit de Pedralbes
18%
Canada Circuit Mont-Tremblant
18%
France Rouen-Les-Essarts
18%
France Charade Circuit
12%
South Korea Korea International Circuit
12%
Spain Montjuic Circuit
12%
South Africa Prince George Circuit
12%
Japan TI circuit Aida
6%
Turkey Intercity Istanbul Park
0%
Canada Mosport International Raceway
0%
No matching quizzes found
Score Distribution
Percent of People with Each Score
Percentile by Number Answered
Your Score History
You have not taken this quiz